00370nam a2200181Ia 4500003000900000008004100009040001300050040001300063041000800076100001600084245002700100250001100127260001400138260000900152300001100161300001000172490000600182IT-RoPAU120407s9999 xx 000 0 und d aIT-RoPAU cIT-RoPAU aita aElisa Carta aConsultorio Famigliare aNapoli aDehoniane c1976 a329 p. c21 cm v1